000 00581nam a22002417a 4500
003 UA-OsUOA
001 26771
007 ta
008 20040609b un ||||| |||| 00| 0 ukr d
100 _aГришин В.Г.
090 _a620
_bГ85
942 _cBK
040 _aUA-OsUOA
_brus
_cUA-OsUOA
_dUA-OsUOA
245 _aОбразный анализ экспериментальных данных
300 _a1982 с.
955 _a0
041 _arus
080 _a620
260 _aМосква
_bНаука
_c1982
044 _aRU
650 7 _2UDC
999 _c313099
_d313099